[Event "British Columbia-ch U20"]
[Site "Vancouver"]
[Date "2018.11.12"]
[Round "4.9"]
[White "Nasibi, Nima"]
[Black "Trenton, Isaac"]
[Result "1-0"]
[WhiteElo "1427"]
[BlackElo "1537"]
[PlyCount "71"]
[EventDate "2018.11.10"]
[EventType "swiss"]
[EventRounds "5"]
[EventCountry "CAN"]
[SourceTitle "EXT 2022"]
[Source "ChessBase"]
[SourceDate "2021.10.06"]
[SourceVersion "1"]
[SourceVersionDate "2021.10.06"]
[SourceQuality "1"]

1. e4 c5 2. Nf3 d6 3. d4 cxd4 4. Nxd4 Nf6 5. Nc3 g6 6. Bc4 Bg7 7. Be3 a6 8. a4 Qc7 9. Bb3 Bd7 10. f3 0-0 11. Qd2 Nc6 12. g4 Ne5 13. g5 Nh5 14. Qe2 Rac8 15. Nd5 Qd8 16. a5 Nc6 17. Qd2 e5 18. Nxc6 Bxc6 19. Nb6 Rc7 20. 0-0-0 Re8 21. Qxd6 Qxd6 22. Rxd6 Bf8 23. Rd3 Bb4 24. Bd2 Bc5 25. Be3 Bb5 26. c4 Bxb6 27. axb6 Rc6 28. Rc3 Rec8 29. cxb5 Rxc3+ 30. bxc3 Rxc3+ 31. Kb2 Rxe3 32. bxa6 Nf4 33. axb7 Nd3+ 34. Ka3 Kg7 35. b8Q Rxf3 36. Qc7 1-0

[Event "British Columbia-ch U20"]
[Site "Vancouver"]
[Date "2018.11.10"]
[Round "2.13"]
[White "Nasibi, Nima"]
[Black "Xu, Andrew"]
[Result "0-1"]
[WhiteElo "1427"]
[BlackElo "1516"]
[PlyCount "86"]
[EventDate "2018.11.10"]
[EventType "swiss"]
[EventRounds "5"]
[EventCountry "CAN"]
[SourceTitle "EXT 2022"]
[Source "ChessBase"]
[SourceDate "2021.10.06"]
[SourceVersion "1"]
[SourceVersionDate "2021.10.06"]
[SourceQuality "1"]

1. e4 e5 2. Nf3 Nc6 3. Bb5 a6 4. Ba4 Nf6 5. Nc3 d6 6. 0-0 Be7 7. Re1 b5 8. Bb3 0-0 9. d4 exd4 10. Nxd4 Nxd4 11. Qxd4 Bb7 12. Bg5 c5 13. Qd3 Rc8 14. Nxb5 axb5 15. Qxb5 Qc7 16. Qc4 d5 17. exd5 Bxd5 18. Qh4 Bxb3 19. axb3 Rfe8 20. Re3 Qc6 21. Rae1 Rcd8 22. Bxf6 Bxf6 23. Rxe8+ Rxe8 24. Rxe8+ Qxe8 25. Qc4 Qe1+ 26. Qf1 Qxf1+ 27. Kxf1 Bxb2 28. Ke2 f6 29. Kd3 Bd4 30. f4 Kf7 31. b4 Bg1 32. bxc5 Bxc5 33. Kc4 Bg1 34. h3 Bh2 35. f5 g6 36. g4 h5 37. Kd5 hxg4 38. hxg4 gxf5 39. gxf5 Kg7 40. Ke6 Be5 41. c4 Kh6 42. c5 Kg5 43. c6 Bh2 0-1